The judicial dictionary of words and phrases judicially interpreted. / (Record no. 23399)

MARC details
000 -LEADER
fixed length control field 00676cam a22002051 4500
003 - CONTROL NUMBER IDENTIFIER
control field KenMUT
005 - DATE AND TIME OF LATEST TRANSACTION
control field 20260119120751.0
008 - FIXED-LENGTH DATA ELEMENTS--GENERAL INFORMATION
fixed length control field 790209s1890 enk d 000 0 eng
020 ## - INTERNATIONAL STANDARD BOOK NUMBER
International Standard Book Number 9781021934918
040 ## - CATALOGING SOURCE
Transcribing agency MUT
050 00 - LIBRARY OF CONGRESS CALL NUMBER
Classification number KD 313
Item number .S77 2023
100 1# - MAIN ENTRY--PERSONAL NAME
Personal name Stroud, Frederick,
245 14 - TITLE STATEMENT
Title The judicial dictionary of words and phrases judicially interpreted. /
250 ## - EDITION STATEMENT
Edition statement 2nd ed.
260 ## - PUBLICATION, DISTRIBUTION, ETC.
Place of publication, distribution, etc. London,
Name of publisher, distributor, etc. Sweet and Maxwell, limited;
Date of publication, distribution, etc. 2023.
583 ## - ACTION NOTE
Action Cataloguing:
Time/date of action 20260119
Action agent 564564
650 #0 - SUBJECT ADDED ENTRY--TOPICAL TERM
Topical term or geographic name entry element Law
Geographic subdivision Great Britain
Form subdivision Dictionaries.
655 #7 - INDEX TERM--GENRE/FORM
Genre/form data or focus term Dictionaries.
Source of term lcgft
Authority record control number or standard number https://id.loc.gov/authorities/genreForms/gf2014026086
942 ## - ADDED ENTRY ELEMENTS (KOHA)
Source of classification or shelving scheme Library of Congress Classification
Koha item type Reference
Suppress in OPAC No
Holdings
Withdrawn status Lost status Source of classification or shelving scheme Damaged status Not for loan Home library Current library Shelving location Date acquired Source of acquisition Total checkouts Full call number Barcode Date last seen Price effective from Koha item type
    Library of Congress Classification     Murang'a University of Technology Library Murang'a University of Technology Library Law Library 06/11/2025 Purchase   KD 313 .S77 2023 032305 06/11/2025 06/11/2025 Reference
    Library of Congress Classification     Murang'a University of Technology Library Murang'a University of Technology Library Law Library 07/11/2025 Purchase   KD 313 .S77 2023 032306 07/11/2025 07/11/2025 Books